000 00596nam a2200217Ii 4500
001 9647
003 CO-ViMGA
008 241108s9999||||xx |||||||||||||| ||und||
020 _a8437218438
040 _aCO-ViMGA
_bspa
_erda
_cCO-ViMGA
041 0 _aspa
084 _aC VIN1c
100 1 _aGabrielle Vincent
_947177
245 1 0 _aCesar y Hernestina el susto
264 1 _aMadrid, EspaƱa : Altea, 1988
300 _avolumen
336 _atext
_btxt
_2rdacontent
337 _aunmediated
_bn
_2rdamedia
338 _avolume
_bnc
_2rdacarrier
940 _aidficha_siabuc: 9433. -- ficha_no_siabuc:9647
999 _c41757
_d41757